West Ham Managers - Statistics

General Stats
  • This quiz has been taken 173 times
    82 since last reset
  • The average score is 9 of 19
Answer Stats
Period Answer % Correct
2017-2018 David Moyes
95%
2019-2024 David Moyes
95%
2015-2017 Slaven Bilic
73%
2018-2019 Manuel Pellegrini
70%
2011-2015 Sam Allardyce
68%
1994-2001 Harry Redknapp
65%
2024-2025 Julen Lopetegui
63%
2008-2010 Gianfraco Zola
56%
1990-1994 Billy Bonds
49%
2006-2008 Alan Curbishley
44%
2010-2011 Avram Grant
43%
2003-2006 Alan Pardew
40%
2001-2003 Glen Roeder
35%
1974-1989 John Lyall
33%
1961-1974 Ron Greenwood
27%
1989-1990 Lou Macari
19%
1901-1932 Syd King
8%
1950-1961 Ted Fenton
6%
1932-1950 Charlie Paynter
3%
No matching quizzes found
Score Distribution
Percent of People with Each Score
Percentile by Number Answered
Your Score History
You have not taken this quiz since the last reset